Click the Correct Hemisphere - Statistics

General Stats
  • This quiz has been taken 32 times
  • The average score is 12 of 15
Answer Stats
Hint Answer % Correct
Highest population North
96%
Most landmass North
96%
Contains the highest mountain North
96%
Has penguins South
96%
Houses Kim Jong Un North
92%
Most water coverage South
92%
Has winter from June-August South
92%
Contains the most nuclear detonations North
88%
Contains the northernmost point of Suriname North
81%
Highest poverty rate South
81%
Contains the majority of the DRC South
77%
Hit by the most earthquakes North
69%
Hurricanes spin clockwise South
46%
Contains the most ice South
46%
Has the most island countries North
27%
No matching quizzes found
Score Distribution
Percent of People with Each Score
Percentile by Number Answered
Your Score History
You have not taken this quiz